000 00436nmm a2200169Ia 4500
008 251105s9999||||xx |||||||||||||||||und||
020 _a9788468741604
041 _aspa
100 _aMichaels, Kasey
245 0 _aSecretos prohibidos
264 _a[Madrid, España] :
_bHarlequin,
_c2014
300 _a368 páginas
490 _aHQN
650 _aRomance
856 _uhttps://public.digitaliapublishing.com/a/31694
942 _cCF
999 _c84099
_d84099